000 00631nam a2200229Ia 4500
001 552
003 GE_BSU
008 181216s||||||||xx |||||||||||||| ||und||
020 _a9994057332
040 _cGE_BSU
080 _a519.2(075.8):658.562(075.8)
100 _aზედგინიძე,ი
245 _aკვალიმეტრია
245 _bსახელმძღვანელო
260 _aთბილისი
260 _bტექნიკური უნ–ტი
260 _c2006
300 _a176გვ.
541 _h6ლ.
653 _aკვალიმეტრია
942 _cBK
999 _c34754
_d34754